| 000 | 01040nmm a2200277 a 4500 | ||
|---|---|---|---|
| 001 | ocm000596710 | ||
| 003 | TR-IsHL | ||
| 005 | 20201028134814.0 | ||
| 008 | 131203s2008 tu tur | ||
| 007 | cr cn | ||
| 020 | _a9789944425520 | ||
| 035 |
_a596710 _b(N$T) |
||
| 050 | 0 | 4 |
_aPE1127 _b.T87 2008 |
| 090 | 0 | 4 |
_aPE1127 _b.T87 2008 |
| 245 | 1 | 0 |
_aTürkçe - İngilizce konuşma ve seyahat rehberi: seyahat ve gündelik hayatta karşılaşılabilecek durumlar _h[electronic resource] / _chaz. Cemal Yıldız, Erol Hacısalihoğlu |
| 260 |
_aİstanbul : _bBilge Kültür Sanat, _c2008 |
||
| 300 | _a277 p. | ||
| 650 | 4 | _aGenel Çalışmalar | |
| 650 | 4 | _aGeneral Works | |
| 650 | 0 |
_aTürkçe _x Konuşma rehberi _x İngilizce |
|
| 650 | 0 |
_aTurkish _x Speaking guide _x English |
|
| 650 | 7 |
_aFOREIGN LANGUAGE STUDY / English as a Second Language _2bisacsh |
|
| 700 | 1 | _aYıldız, Cemal | |
| 700 | 1 | _aHacısalihoğlu, Erol | |
| 856 | 4 | 0 | _uhttp://search.ebscohost.com/login.aspx?direct=true&scope=site&db=e011xww&AN=596710 |
| 999 |
_c6396 _d6396 |
||